| 000 | 00469nam a22001577a 4500 | ||
|---|---|---|---|
| 003 | macl | ||
| 005 | 20191018130040.0 | ||
| 008 | 191018b xxu||||| |||| 00| 0 eng d | ||
| 040 | _cmacl | ||
| 082 | _a400 | ||
| 100 |
_aसिंह, डॉ कचना _976988 |
||
| 245 | _aबाजार मे हिन्दी | ||
| 260 |
_aदिल्ली _bप्रियंका प्रकाशन _c2017 |
||
| 650 |
_aभाषा _976989 |
||
| 942 |
_2ddc _cHIN |
||
| 999 |
_c61230 _d61230 |
||